| 000 | 01655cam a22004097a 4500 | ||
|---|---|---|---|
| 001 | 15151070 | ||
| 003 | OSt | ||
| 005 | 20140310184324.0 | ||
| 008 | 080123s2008 nyua d 000 1 eng d | ||
| 010 | _a 2008921518 | ||
| 020 | _a9781416914457 (pbk.) | ||
| 020 | _a054504667X | ||
| 035 | _a(OCoLC)ocn154688889 | ||
| 040 |
_aBTCTA _cBTCTA _dBAKER _dOCO _dHHO _dDLC |
||
| 042 | _alccopycat | ||
| 050 | 0 | 0 |
_aPZ 7 _b.P213af 2008 |
| 100 | 1 |
_aPapademetriou, Lisa _923374 |
|
| 245 | 1 | 0 |
_aAccidentally fabulous / _cLisa Papademetriou. |
| 246 | 3 | 0 | _aFashion forward adventures of Imogene |
| 250 | _a1st Simon Pulse ed. | ||
| 260 |
_aNew York : _bScholastic Inc., _c2008. |
||
| 300 |
_a181 p. : _bcol. ill. ; _c21 cm. |
||
| 521 | _aG4 | ||
| 526 | _c660 | ||
| 650 | 0 |
_aTeenage girls _vJuvenile fiction. _923652 |
|
| 650 | 0 |
_aFashion _zCalifornia _zLos Angeles _vJuvenile fiction. _923653 |
|
| 650 | 0 |
_aInterpersonal relations _vJuvenile fiction. _923654 |
|
| 700 | 1 |
_aRim, Sujean, _eill. _923655 |
|
| 856 | 4 | 2 |
_3Publisher description _uhttp://www.loc.gov/catdir/enhancements/fy0908/2008921518-d.html |
| 856 | 4 | 1 |
_3Sample text _uhttp://www.loc.gov/catdir/enhancements/fy0908/2008921518-s.html |
| 856 | 4 | 2 |
_3Contributor biographical information _uhttp://www.loc.gov/catdir/enhancements/fy1005/2008921518-b.html |
| 906 |
_a7 _bcbc _ccopycat _d4 _encip _f20 _gy-gencatlg |
||
| 942 |
_2lcc _cBK-SCHOLAS |
||
| 999 |
_c33613 _d33613 |
||